| 000 | 005680000a22001690004500 | ||
|---|---|---|---|
| 090 |
_aAR _b02236 |
||
| 245 | 1 | 0 | _aDescomposition of small diameter woody debris of red fir determined by nuclear magnetic resonance |
| 650 | 1 | 4 |
_aDescomposición de madera _995749 |
| 650 | 1 | 4 |
_aResonancia magnética _995750 |
| 650 | 1 | 4 |
_aEspecies maderables _992882 |
| 650 | 1 | 4 |
_aSuelo _914848 |
| 041 | 0 | _aInglés | |
| 700 | 1 |
_aPowers, Robert F. _995704 |
|
| 100 | 1 |
_aMcColl, J. G. _995693 |
|
| 942 | _cARTICULO | ||
| 773 | 1 |
_tCommun. Soil Sci. Plant Anal. _31199 _h17-18 _q2691-2704 _d1998 _g29 |
|
| 999 |
_c11308 _d11308 |
||